Normal view
MARC view
Entry Personal Name
001 - CONTROL NUMBER
- control field: 84391
003 - CONTROL NUMBER IDENTIFIER
- control field: dpl
005 - DATE AND TIME OF LATEST TRANSACTION
- control field: 20250827123903.0
008 - FIXED-LENGTH DATA ELEMENTS
- fixed length control field: 250827|| aca||aabn | a|a d
040 ## - CATALOGING SOURCE
- Original cataloging agency: dpl
- Transcribing agency: dpl
100 ## - HEADING--PERSONAL NAME
- Personal name: Jeetu Vijay
670 ## - SOURCE DATA FOUND
- Source citation: Work cat.: (dpl)213181: Rajiv Vijay 84390, 38 Previous Years' Solved Questions- NEET (1988-2025)/, 2025
